Oil availability by sulfur levels
Saved in:
| Corporate Author: | |
|---|---|
| Format: | Book |
| Language: | English |
| Published: |
Environmental Protection Agency,
1971
|
| Subjects: | |
| Tags: |
Add Tag
No Tags, Be the first to tag this record!
|
MARC
| LEADER | 00000cam a2200000 i 4500 | ||
|---|---|---|---|
| 001 | 1/105674 | ||
| 008 | 950623s1971 eng d | ||
| 035 | |l 10013764 | ||
| 040 | |a GR-MY-UA |b gre |e aacr | ||
| 041 | 0 | |a eng | |
| 082 | 0 | |a 532.28 | |
| 110 | 2 | |a Bureau of Mines. | |
| 245 | 1 | 0 | |a Oil availability by sulfur levels / |c Bureau of Mines |
| 260 | |b Environmental Protection Agency, |c 1971 | ||
| 300 | |a 280 p. |b Fig., tables | ||
| 650 | 0 | 0 | |a Petroleum |x Geology. |
| 852 | |a INST |b LESVOS |e 19950623 |h 532.28 BUR |p 005100008574 |q 005100008574 |t BK |y 0 | ||
| 909 | |a Λ |b 008684 | ||
| 970 | |z 2000/05/ΟΙΚΟΝΟΜΟΠΟΥΛΟΥ ΧΡΙΣΤΙΝΑ | ||